Sports Quiz

Random Sports or Olympics Quiz

Olympic Figure Skaters Quiz Stats

 Plays Quiz Updated Aug 27, 2018

Score 0/50 Timer 06:00
0 Plays Today
Skater % Correct
Yuzuru Hanyu
65.1%
Brian Boitano
61.1%
Kristi Yamaguchi
60.3%
Alina Zagitova
59.5%
Scott Hamilton
57.8%
Tara Lipinski
51.2%
Katarina Witt
50.6%
Yuzuru Hanyu
50.6%
Katarina Witt
50.6%
Dorothy Hamill
50%
Sarah Hughes
49.6%
Peggy Fleming
48.8%
Oksana Baiul
45.5%
Dick Button
43.8%
Dick Button
43.8%
Adelina Sotnikova
42.1%
Sonja Henie
33.8%
Sonja Henie
33.8%
Sonja Henie
33.8%
Yevgeny Plyushchenko
30.4%
Aleksey Yagudin
24.1%
Kim Yeon-A
23.6%
Viktor Petrenko
22.5%
Evan Lysacek
22%
Ilya Kulik
20.6%
Skater % Correct
Barbara Scott
19.4%
Robin Cousins
19.4%
Shizuka Arakawa
19.2%
Ulrich Salchow
15.3%
Carol Heiss
15%
Aleksei Urmanov
14.5%
John Curry
14.2%
David Jenkins
13.8%
Hayes Alan Jenkins
13.6%
Tenley Albright
13.6%
Beatrix Schuba
7.6%
Gillis Grafström
6.6%
Gillis Grafström
6.6%
Gillis Grafström
6.6%
Madge Syers
5.9%
Anett Pötzsch
5.5%
Ondrej Nepela
5.2%
Karl Schäfer
4.8%
Karl Schäfer
4.8%
Sjoukje Dijkstra
4.1%
Jeanette Altwegg
3.9%
Herma Planck-Szabo
3.7%
Wolfgang Schwarz
3%
Manfred Schnelldorfer
2.9%
Magda Mauroy-Julin
2.7%

You're not logged in!

Compare scores with friends on all Sporcle quizzes.
OR
Log In

Sporcle TV

Today on Sporcle TV


Watch our educational content, quiz creation guides, and fun videos on Sporcle TV.

Show Comments

Extras

Top Quizzes Today


Score Distribution

Your Account Isn't Verified!

In order to create a playlist on Sporcle, you need to verify the email address you used during registration. Go to your Sporcle Settings to finish the process.

Report this User

Report this user for behavior that violates our Community Guidelines.

Details: